| 000 | 00464nam a22001937a 4500 | ||
|---|---|---|---|
| 003 | CEME | ||
| 005 | 20210628202757.0 | ||
| 008 | 210204b xxu||||| |||| 00| 0 eng d | ||
| 020 | _a0-19-579519-9 | ||
| 040 | _c. | ||
| 082 | _a510 MAT | ||
| 100 |
_aYee, Peng Lee Seng, Teh Keng _961566 |
||
| 245 | _aMathematics -2 | ||
| 250 | _a4TH | ||
| 260 |
_aNEW YORK _bOXFORD UNIVERSITY _c2001 |
||
| 300 | _aVI,373P | ||
| 650 |
_aMATHEMATICS _919606 |
||
| 942 |
_cBK _2ddc |
||
| 999 |
_c570977 _d570977 |
||